00771nam a22002177a 4500999001900000005001700019010001500036020002600051035001400077037001300091082001500104100001900119245006000138250001700198260006000215270008900275300001700364700002000381942003000401952012200431 c196620d19662020230814131113.0 aENG-137449 a9789392970962c879.00 aEN-120981 bDBAD/PUB a613332.645 a Hull, John C. aOptions, Future and Other Derivatives/cBy John C. Hull a11TH EDITION aUTTAR PRADESHbPERSON INDIA EDUCATION SERVICES Pvt. Ltd a15TH FLOOR, TOWER-B WORLD TRADE TOWER,PLOT NO. 1, BLOCK-C , SECTOR 16bNOIDAe201301 a893p.c25cm, aSANKARSHAN BASU 2ddccENmHULh332.645e11 001040708NFICaMPbMPd2023-07-19eDBAD/PUBg879.00l0o332.645 HULpEN-120981r2023-07-19 00:00:00t1v879.00yEN